• 首页
  • 本馆介绍
  • 公告通知
  • 最新文献
  • 馆藏检索
  • 电子资源
  • 读者导购
  • 参考咨询
  • 我的图书馆
  • 登录
  • 详细信息显示
  • 放入我的书架
  • 预约/预借图书
  • 作者相关作品
  • 分类相关作品
  • 丛书相关作品
  • 出版社相关作品

书目信息

  • 表格格式
  • 工作单格式
  • 卡片格式
题名:
民族音乐概论
    
 
作者: ;中国艺术研究院音乐研究 编
分册:  
出版信息: 北京   人民音乐出版社  1964.3
页数: 289页
开本: 20cm
丛书名:
单 册:
中图分类: J63
科图分类:
主题词: 民族器乐--理论 , 民族乐器--奏法
电子资源:
ISBN:
000 00633nam0 2200217 45
001 0312221749
005 20041227110111.7
010    @dCNY1.70
091    @a8026.2053
100    @a20031222d1964 km y0chiy0120 ea
101    @achi
105    @a z 000yy
200 1  @a民族音乐概论@AMin Zu Yin Yue Gai Lun@f中国艺术研究院音乐研究编@FZhong Guo Yi Shu Yan Jiu Yuan Yin Yue Yan Jiu Bian
210    @a北京@c人民音乐出版社@d1964.3
215    @a289页@d20cm
606 0  @a民族器乐@x理论
606 0  @a民族乐器@x奏法
690    @aJ63@v3
711 02 @a中国艺术研究院音乐研究@4编
801    @aCN@bTSTCL@c20031222
905    @dJ63@e8@f1@b115288
    
    民族音乐概论/中国艺术研究院音乐研究编.-北京:人民音乐出版社,1964.3
    289页;20cm
    
    
    ISBN :CNY1.70
    
●
相关链接 在E读中查询图书 在五车中查询图书 在当当中查询图书 在豆瓣中查询图书


正题名:民族音乐概论     索取号:J63/8         预约/预借

序号 登录号 条形码 馆藏地/架位号 状态 备注
1 0115284   001238789   第一借阅区/ [索取号:J63/8] 在馆    
2 0115285   001238743   密集书库/ [索取号:J63/8] 在馆    
3 0115286   001221608   第一借阅区/ [索取号:J63/8] 在馆    
4 0115287   001238770   密集书库/ [索取号:J63/8] 在馆    
5 0115288   001967394   密集书库/ [索取号:J63/8] 在馆    
唐山师范学院图书馆 欢迎您!
大连网信软件有限公司© 版权所有